Programa nacional de alimentos: ¿una alternativa o engaño? /

Spremljeno u:
Bibliografski detalji
Glavni autor: Rojas C, Zaida
Format: Tekst
Teme:
Oznake: Dodaj oznaku
Bez oznaka, Budi prvi tko označuje ovaj zapis!

MARC

LEADER 00000 a a2200000 04500
001 1551
003
040
100 |a Rojas C, Zaida  
245 |a Programa nacional de alimentos:   |b ¿una alternativa o engaño? /  |c Zaida Rojas C 
650 |a ALIMENTOS  
650 |a COSTA RICA  
773 |g número 13; páginas 7-8  
999 |c 39310  |d 39310